Movies Quiz

Random Movies or Box Office Quiz

2018 Movie Slot Machine IV Quiz Stats

 Plays Quiz Updated Jun 26, 2020

     
Support Sporcle.
Go Orange.
Score 0/60 Timer 06:00
2 Plays Today
Hint Answer % Correct

Solo:
Solo: A Star Wars Story
95.1%

A
Solo: A Star Wars Story
95.1%

Star
Solo: A Star Wars Story
95.1%

Wars
Solo: A Star Wars Story
95.1%

Story
Solo: A Star Wars Story
95.1%

Hotel
Hotel Transylvania 3: Summer Vacation
87.8%

Transylvania
Hotel Transylvania 3: Summer Vacation
87.8%

3:
Hotel Transylvania 3: Summer Vacation
87.8%

Summer
Hotel Transylvania 3: Summer Vacation
87.8%

Vacation
Hotel Transylvania 3: Summer Vacation
87.8%

Mowgli:
Mowgli: Legend of the Jungle
84.4%

Legend
Mowgli: Legend of the Jungle
84.4%

of
Mowgli: Legend of the Jungle
84.4%

the
Mowgli: Legend of the Jungle
84.4%

Jungle
Mowgli: Legend of the Jungle
84.4%

The
The Spy Who Dumped Me
82.3%

Spy
The Spy Who Dumped Me
82.3%

Who
The Spy Who Dumped Me
82.3%

Dumped
The Spy Who Dumped Me
82.3%

Me
The Spy Who Dumped Me
82.3%

Maze
Maze Runner: The Death Cure
78.9%

Runner:
Maze Runner: The Death Cure
78.9%

The
Maze Runner: The Death Cure
78.9%

Death
Maze Runner: The Death Cure
78.9%

Cure
Maze Runner: The Death Cure
78.9%

You
You Were Never Really Here
66.5%

Were
You Were Never Really Here
66.5%

Never
You Were Never Really Here
66.5%

Really
You Were Never Really Here
66.5%

Here
You Were Never Really Here
66.5%
Hint Answer % Correct

They
They Shall Not Grow Old
66.5%

Shall
They Shall Not Grow Old
66.5%

Not
They Shall Not Grow Old
66.5%

Grow
They Shall Not Grow Old
66.5%

Old
They Shall Not Grow Old
66.5%

Sicario:
Sicario: Day of the Soldado
66.2%

The
The Possession of Hannah Grace
66.2%

Day
Sicario: Day of the Soldado
66.2%

Possession
The Possession of Hannah Grace
66.2%

of
Sicario: Day of the Soldado
66.2%

of
The Possession of Hannah Grace
66.2%

Hannah
The Possession of Hannah Grace
66.2%

the
Sicario: Day of the Soldado
66.2%

Grace
The Possession of Hannah Grace
66.2%

Soldado
Sicario: Day of the Soldado
66.2%

The
The Miseducation of Cameron Post
62.9%

Miseducation
The Miseducation of Cameron Post
62.9%

of
The Miseducation of Cameron Post
62.9%

Cameron
The Miseducation of Cameron Post
62.9%

Post
The Miseducation of Cameron Post
62.9%

The
The Vanishing of Sidney Hall
60.8%

Vanishing
The Vanishing of Sidney Hall
60.8%

of
The Vanishing of Sidney Hall
60.8%

Sidney
The Vanishing of Sidney Hall
60.8%

Hall
The Vanishing of Sidney Hall
60.8%

The
The Strangers: Prey at Night
59.6%

Strangers:
The Strangers: Prey at Night
59.6%

Prey
The Strangers: Prey at Night
59.6%

at
The Strangers: Prey at Night
59.6%

Night
The Strangers: Prey at Night
59.6%

From the Vault

Fill in the Lyrics

by rer2121

Music 5m
How can you get any pudding if you can't finish the song lyrics?
Remove Ads.
Support Sporcle.
Get the best of Sporcle when you Go Orange. This ad-free experience offers more features, more stats, and more fun while also helping to support Sporcle. Thank you for becoming a member.

Show Comments

Extras

Top Quizzes Today


Score Distribution

Your Account Isn't Verified!

In order to create a playlist on Sporcle, you need to verify the email address you used during registration. Go to your Sporcle Settings to finish the process.

Report this User

Report this user for behavior that violates our Community Guidelines.

Details: